000 nam a22 7a 4500
999 _c17121
_d17121
008 161122b xxu||||| |||| 00| 0 eng d
020 _a9780199560295
020 _a01919560293
050 _aHD 30.28 .H3 2010
100 _aHaberberg, Adrian
245 _aStrategic Management:
_btheory and practice/
_cAdrian Haberberg and Alison Rieple
250 _aIndian edition
260 _aOxford:
_bOxford University Press,
_c2010
300 _axxiv, 822p. :
_bill. ;
_ccm
500 _aIncludes bibliographical references and index.
650 _aManagement.
700 _aRieple, Alison
942 _2lcc
_cBOOKS
_hHD 30.28 .H3 2010